[Event "OBEM 2015"]
[Site "Germany , Bremen"]
[Date "2015.04.01"]
[Round "6.26"]
[White "Zhong, Xianghui"]
[Black "Bilau, Max"]
[Result "0-1"]
[WhiteElo "1817"]
[BlackElo "1536"]
[PlyCount "108"]

1. d4 e6 2. c4 c5 3. d5 exd5 4. cxd5 d6 5. Nc3 Nf6 6. e4 Bg4 7. f3 Bd7 8. Bf4
a6 9. a4 Be7 10. Bd3 Nh5 11. Bg3 Nxg3 12. hxg3 O-O 13. Nge2 h6 14. Qc2 a5 15.
Bb5 Na6 16. Bxd7 Qxd7 17. Nb5 Nb4 18. Qd2 f5 19. Nec3 Rae8 20. O-O-O fxe4 21.
Nxe4 Rf5 22. Nbc3 b6 23. Rh3 Bg5 24. Nxg5 Rxg5 25. g4 Rge5 26. Rhh1 Re3 27. Kb1
Qf7 28. Rhe1 Qg6+ 29. Ne4 Rd3 30. Qe2 Rxd1+ 31. Rxd1 Re5 32. Qb5 Rxd5 33. Rxd5
Nxd5 34. Qc6 Qe6 35. Qxd6 Kf7 36. Qxe6+ Kxe6 37. b3 Ne3 38. g3 Ng2 39. Nd2 Ne3
40. Kb2 Kd5 41. Kc3 Kd6 42. Nc4+ Nxc4 43. Kxc4 Kc6 44. f4 Kd6 45. Kb5 Kc7 46.
Kc4 Kc6 47. Kc3 b5 48. axb5+ Kxb5 49. Kc2 Kb4 50. Kb2 c4 51. bxc4 Kxc4 52. Ka3
Kd4 53. g5 hxg5 54. fxg5 Ke4 0-1

[Event "OBEM 2015"]
[Site "Germany , Bremen"]
[Date "2015.04.01"]
[Round "6.28"]
[White "Bruening, Martin"]
[Black "Buhrdorf, Axel"]
[Result "1/2-1/2"]
[WhiteElo "1778"]
[BlackElo "1813"]
[PlyCount "72"]

1. d4 d5 2. c4 e6 3. Nc3 Nf6 4. Bg5 Be7 5. e3 Nbd7 6. Nf3 O-O 7. Bd3 dxc4 8.
Bxc4 c5 9. dxc5 Nxc5 10. O-O Nce4 11. Qxd8 Bxd8 12. Nxe4 Nxe4 13. Bxd8 Rxd8 14.
Rfd1 Bd7 15. Rd4 Bc6 16. Rad1 Rxd4 17. Rxd4 Nf6 18. Ne5 Be8 19. Kf1 Kf8 20. Ke2
Ke7 21. f3 Rc8 22. Kd2 h6 23. b3 Rc5 24. f4 a5 25. a3 b5 26. Be2 Nd5 27. b4
axb4 28. axb4 Rc7 29. Nd3 f6 30. e4 Nc3 31. Nc5 Na2 32. Nd3 Nc3 33. Nc5 e5 34.
fxe5 fxe5 35. Rd3 Na2 36. Rd5 Bf7 1/2-1/2

[Event "OBEM 2015"]
[Site "Germany , Bremen"]
[Date "2015.04.01"]
[Round "6.29"]
[White "Buchloh, Falk"]
[Black "Goes, Carsten"]
[Result "0-1"]
[WhiteElo "1497"]
[BlackElo "1761"]
[PlyCount "74"]

1. d4 e6 2. c4 b6 3. Bf4 Bb7 4. e3 f5 5. Nc3 Nf6 6. Nf3 Be7 7. Bd3 O-O 8. Qc2
a5 9. a3 Na6 10. e4 fxe4 11. Nxe4 Nxe4 12. Bxe4 Bxe4 13. Qxe4 Rf5 14. g4 Rf7
15. Ne5 Rf8 16. Bg3 Bd6 17. Nd3 Qf6 18. Ke2 Rae8 19. Raf1 Nb8 20. Ne5 Bxe5 21.
Bxe5 Qd8 22. Kd1 d6 23. Bg3 e5 24. Qd5+ Kh8 25. dxe5 Qg5 26. exd6 Qxg4+ 27. f3
Qg6 28. Kc1 cxd6 29. Re1 Nd7 30. Qxd6 Nf6 31. Qxb6 Qd3 32. Qxa5 Rc8 33. c5 Nd5
34. Bd6 Rfd8 35. Rd1 Qf5 36. Be7 Re8 37. c6 Nxe7 0-1

[Event "OBEM 2015"]
[Site "Germany , Bremen"]
[Date "2015.04.01"]
[Round "6.30"]
[White "Volk, Robin"]
[Black "Sommer, Andreas"]
[Result "0-1"]
[WhiteElo "1285"]
[BlackElo "1723"]
[PlyCount "76"]

1. d4 d5 2. Nc3 c6 3. Bf4 Bf5 4. Qd2 e6 5. e3 Nf6 6. f3 Bd6 7. Nge2 O-O 8. g4
Bg6 9. h4 h5 10. Ng3 Re8 11. O-O-O Qc7 12. Bd3 Bxd3 13. cxd3 e5 14. dxe5 Bxe5
15. g5 d4 16. Bxe5 Qxe5 17. Nce4 Nxe4 18. Nxe4 dxe3 19. Qxe3 Nd7 20. f4 Qd5 21.
Qf2 Qxa2 22. f5 Qd5 23. Rhe1 Re5 24. Rf1 g6 25. fxg6 fxg6 26. Nc3 Qb3 27. d4
Re7 28. Qc2 {(=)} Qxc2+ 29. Kxc2 Nb6 30. Rd2 Nc4 31. Na4 Ne3+ 32. Kc3 Nxf1 33.
Rf2 Ne3 34. Kd2 Rd8 35. Kd3 Nf5 36. Rf4 Red7 37. Ke2 Rxd4 38. Rxd4 Rxd4 0-1

[Event "OBEM 2015"]
[Site "Germany , Bremen"]
[Date "2015.04.01"]
[Round "6.31"]
[White "Kollars, Michael"]
[Black "Jantzen, Ludwig"]
[Result "1/2-1/2"]
[WhiteElo "1632"]
[BlackElo "1965"]
[PlyCount "62"]

1. e4 c6 2. d4 d5 3. exd5 cxd5 4. c4 Nf6 5. Nc3 e6 6. Nf3 Nc6 7. Bf4 a6 8. c5
Be7 9. Bd3 h6 10. O-O O-O 11. Rc1 Nd7 12. Re1 b6 13. Na4 bxc5 14. Nxc5 Nxc5 15.
dxc5 Qa5 16. Bb1 f5 17. Bd6 Bxd6 18. cxd6 Bd7 {(=)} 19. Re3 Rac8 20. Ra3 Qb6
21. Rb3 Qa7 22. Bd3 Rb8 23. Rbc3 Rxb2 24. Qe1 Rb6 25. Ne5 Nxe5 26. Qxe5 Rb2 27.
R3c2 Rxc2 28. Rxc2 Rd8 29. g3 Qb6 30. Rc7 Kf8 31. Qf4 Be8 1/2-1/2

[Event "OBEM 2015"]
[Site "Germany , Bremen"]
[Date "2015.04.01"]
[Round "6.33"]
[White "Rademacher, Uwe"]
[Black "Burblies, Andreas"]
[Result "1/2-1/2"]
[WhiteElo "1773"]
[BlackElo "1604"]
[PlyCount "100"]

1. e4 c6 2. d4 d5 3. Nc3 dxe4 4. Nxe4 Bf5 5. Ng3 Bg6 6. Nf3 Nd7 7. Nh4 e6 8.
Nxg6 hxg6 9. Be2 Bd6 10. c4 Ngf6 11. O-O Qc7 12. c5 Bf4 13. Bxf4 Qxf4 14. Bf3
O-O-O 15. h3 Nd5 16. Bxd5 exd5 17. Qd3 f5 18. Rfe1 Rde8 19. Qc3 Nf6 20. Re2
Rxe2 21. Nxe2 Qg5 22. f4 Qh4 23. Qg3 Qh5 24. Qd3 Ne4 25. Re1 Qh4 26. Rf1 Re8
27. a4 a6 28. Qe3 Qe7 29. Qd3 Nxc5 30. dxc5 Qxe2 31. Qb1 Qe3+ 32. Kh2 Qxc5 33.
b4 Qc4 34. b5 Kd7 35. bxa6 Qxa6 36. Qa1 c5 37. Rd1 d4 38. Qa2 Qe6 39. Qb2 Qc6
40. a5 Qc7 41. Qb5+ Qc6 42. Qc4 Re7 43. Rb1 Kc8 44. Rb6 Qe4 45. Qxc5+ Kb8 46.
Qd6+ Ka7 47. Rb5 Re6 48. Qc5+ Kb8 49. Qf8+ Ka7 50. Qc5+ Kb8 1/2-1/2

[Event "OBEM 2015"]
[Site "Germany , Bremen"]
[Date "2015.04.01"]
[Round "6.34"]
[White "Friesen, Walter"]
[Black "Stern, Philipp"]
[Result "0-1"]
[WhiteElo "1764"]
[BlackElo "1620"]
[PlyCount "58"]

1. e4 c5 2. Nf3 d6 3. d4 cxd4 4. Nxd4 Nf6 5. Nc3 a6 6. Bg5 e6 7. f4 Nbd7 8. Qf3
Be7 9. O-O-O Qc7 10. Be2 O-O 11. g4 b5 12. a3 Bb7 13. h4 Nc5 14. Bxf6 Bxf6 15.
g5 Bxd4 16. Rxd4 Rac8 17. Bd1 f5 18. gxf6 Rxf6 19. Qg3 Qb6 20. Qe3 e5 21. Nd5
exd4 22. Nxf6+ gxf6 23. Qg3+ Kh8 24. Rg1 Qc7 25. Kb1 Bxe4 26. Qf2 d3 27. Qd4
dxc2+ 28. Bxc2 Bxc2+ 29. Ka2 Qf7+ 0-1

[Event "OBEM 2015"]
[Site "Germany , Bremen"]
[Date "2015.04.01"]
[Round "6.35"]
[White "Seliskar, Hendyk"]
[Black "Ungar, Benedict"]
[Result "0-1"]
[WhiteElo "1343"]
[BlackElo "1749"]
[PlyCount "68"]

1. c4 Nf6 2. Nc3 d5 3. cxd5 Nxd5 4. g3 Bf5 5. Bg2 c6 6. a3 e5 7. Qb3 Nb6 8. d3
Be6 9. Qc2 N8d7 10. Nf3 Be7 11. O-O O-O 12. Ne4 f5 13. Nc3 Rc8 14. e3 Bf6 15.
b4 Nd5 16. Bb2 c5 17. Nxd5 Bxd5 18. bxc5 Nxc5 19. Qe2 Nb3 20. Rab1 e4 21. dxe4
Bc4 22. Rfd1 Bxe2 23. Rxd8 Rcxd8 24. Bxf6 Rxf6 25. e5 Rb6 26. Re1 Rd1 27. Rxd1
Bxd1 28. Nh4 g6 29. e6 Nd2 30. Bd5 Kf8 31. Ng2 Be2 32. Nf4 Rb1+ 33. Kg2 Bf1+
34. Kg1 Bh3# 0-1

[Event "OBEM 2015"]
[Site "Germany , Bremen"]
[Date "2015.04.01"]
[Round "6.36"]
[White "Rose, Helmut"]
[Black "Balazs, Kata"]
[Result "0-1"]
[WhiteElo "1400"]
[BlackElo "1747"]
[PlyCount "58"]

1. e4 d5 2. e5 c5 3. f4 Nc6 4. c3 Qb6 5. Nf3 Bg4 6. Be2 e6 7. O-O Nge7 8. Na3
Nf5 9. Nc2 Be7 10. Ne3 c4 11. Kh1 Nxe3 12. dxe3 Bxf3 13. Rxf3 Bc5 14. b3 cxb3
15. axb3 Qc7 16. Qc2 a6 17. Bb2 Ne7 18. Rd1 Nf5 19. e4 Ne3 20. Rxe3 Bxe3 21.
exd5 exd5 22. Rxd5 O-O 23. Qe4 Qb6 24. Bd3 g6 25. e6 Qxe6 26. Qf3 Rad8 27. Re5
Qxb3 28. Qe2 Bxf4 29. Bc4 Rd1+ 0-1

[Event "OBEM 2015"]
[Site "Germany , Bremen"]
[Date "2015.04.01"]
[Round "6.37"]
[White "Hoose, Hannelore"]
[Black "Fasmers, Ralf"]
[Result "1/2-1/2"]
[WhiteElo "1709"]
[BlackElo "1787"]
[PlyCount "76"]

1. e4 c5 2. Nc3 Nc6 3. g3 Nf6 4. Bg2 e6 5. Nge2 d6 6. O-O Be7 7. d3 O-O 8. a3
Bd7 9. Be3 b6 10. Nf4 Rc8 11. Rc1 Re8 12. Nb1 Qc7 13. Nd2 Ne5 14. h3 Bb5 15.
Nf3 Nxf3+ 16. Bxf3 Bc6 17. Bg2 Red8 {(=)} 18. b3 d5 19. exd5 Nxd5 20. Nxd5 Bxd5
21. Bxd5 Rxd5 22. a4 Bd6 23. Qe2 Bxg3 24. Kg2 Bf4 25. Rg1 Rg5+ 26. Kh1 Qc6+ 27.
f3 Bxe3 28. Qxe3 Rh5 29. Kh2 Qd6+ 30. Rg3 f5 31. f4 Re8 32. Rcg1 g6 33. Qf3 Rh6
34. Rg5 Kg7 35. R1g2 Kf6 36. R5g3 e5 37. fxe5+ Rxe5 38. Rf2 Qd5 1/2-1/2

[Event "OBEM 2015"]
[Site "Germany , Bremen"]
[Date "2015.04.01"]
[Round "6.38"]
[White "Ficken, Hartmut"]
[Black "Holtermann, Klaas"]
[Result "1-0"]
[WhiteElo "1698"]
[BlackElo "1507"]
[PlyCount "65"]

1. e4 e6 2. d4 d5 3. exd5 exd5 4. c4 Bd6 5. cxd5 Ne7 6. Nc3 O-O 7. Be2 Bf5 8.
Nf3 Nd7 9. Nh4 Nb6 10. Nxf5 Nxf5 11. g3 Re8 12. O-O Bb4 13. Bg4 Ne7 14. Bg5
Nbxd5 15. Qb3 Qd6 16. Bf3 Bxc3 17. bxc3 Rab8 18. Rad1 h6 19. Bc1 Qd7 20. Ba3 c6
21. Qc2 Nf6 22. Bc1 Qh3 23. Bf4 Rbd8 24. Rb1 Ned5 25. Be5 b6 26. c4 Ne7 27.
Bxf6 gxf6 28. Rbd1 Ng6 29. Bxc6 Kf8 30. Bxe8 Rxe8 31. Rfe1 Nf4 32. Rxe8+ Kg7
33. f3 1-0

[Event "OBEM 2015"]
[Site "Germany , Bremen"]
[Date "2015.04.01"]
[Round "6.39"]
[White "Zimmermann, Erik"]
[Black "Scheunemann, Daniel"]
[Result "1-0"]
[WhiteElo "1655"]
[BlackElo "1361"]
[PlyCount "143"]

1. e4 c5 2. Nf3 Nc6 3. Nc3 e6 4. Be2 Be7 5. d4 cxd4 6. Nxd4 Nf6 7. O-O O-O 8.
a3 d5 9. exd5 exd5 10. b4 a6 11. Bf4 Bd6 12. Bxd6 Qxd6 13. Bf3 Ne5 14. Nce2 Re8
15. Ng3 Bg4 16. Bxg4 Nfxg4 17. f4 Ne3 18. fxe5 Rxe5 19. Qd3 Nxf1 20. Rxf1 Rae8
21. Qf3 f6 22. Ngf5 Qb6 23. Kh1 g6 24. Qg3 g5 25. Nh6+ Kf8 26. Ndf5 Qb5 27. Rg1
Qe2 28. h3 Qxc2 29. Qf3 Qe4 30. Qh5 R8e7 31. Nxe7 Rxe7 32. Ng4 Qf5 33. Qh6+ Kf7
34. Qh5+ Ke6 35. Ne3 Qf2 36. Qf3 Qxf3 37. gxf3 Ke5 38. Ng4+ Kf5 39. Rd1 Rd7 40.
Kg2 h5 41. Ne3+ Ke5 42. Kg3 f5 43. Kf2 f4 44. Nc2 Rc7 45. Rd2 b6 46. Re2+ Kd6
47. Nd4 Rc3 48. Re6+ Kc7 49. Rg6 Rxa3 50. Rxg5 Ra2+ 51. Ke1 Ra4 52. Rxh5 Rxb4
53. Rxd5 a5 54. h4 a4 55. Nc2 Rb3 56. Rd4 Rxf3 57. Rxa4 Kd7 58. Ke2 Rc3 59. Ne1
b5 60. Rxf4 Rc4 61. Rxc4 bxc4 62. Kf3 Ke6 63. Kg4 Kf6 64. Kh5 Kg7 65. Kg5 c3
66. h5 Kh7 67. h6 Kh8 68. Kg6 Kg8 69. h7+ Kh8 70. Nf3 c2 71. Ne5 c1=Q 72. Nf7#
1-0

[Event "OBEM 2015"]
[Site "Germany , Bremen"]
[Date "2015.04.01"]
[Round "6.40"]
[White "Ernst, Herwarth"]
[Black "Krueger, Gerhard"]
[Result "1-0"]
[WhiteElo "1950"]
[BlackElo "1398"]
[PlyCount "67"]

1. e4 c5 2. Nf3 Nc6 3. d4 cxd4 4. Nxd4 g6 5. c4 Nf6 6. Nc3 Bg7 7. Be3 d6 8. Be2
O-O 9. O-O Bd7 10. Rc1 Rc8 11. h3 a6 12. Qd2 Re8 13. b3 a5 14. Bd3 Nh5 15. Bb1
Nb4 16. Rcd1 Na6 17. Ndb5 Nc5 18. f4 Ng3 19. Rfe1 Bc6 20. Bf2 Nh5 21. e5 dxe5
22. Bxc5 Bxb5 23. Qxd8 Rcxd8 24. Nxb5 Rc8 25. Bb6 Nxf4 26. Bxa5 Ne6 27. Bc3 f6
28. Rd7 Rb8 29. Bb4 Bf8 30. Be4 Kh8 31. Bxb7 Red8 32. Rxd8 Rxd8 33. c5 Nf4 34.
Ba5 1-0

[Event "OBEM 2015"]
[Site "Germany , Bremen"]
[Date "2015.04.01"]
[Round "6.41"]
[White "Torkler, Wolfgang"]
[Black "Quass, Michael"]
[Result "0-1"]
[WhiteElo "1399"]
[BlackElo "1779"]
[PlyCount "82"]

1. Nf3 d5 2. d4 Nf6 3. e3 c6 4. c4 a6 5. Nc3 Bf5 6. h3 h6 7. Be2 e6 8. a3 Nbd7
9. b4 dxc4 10. Bxc4 Bd6 11. O-O O-O 12. Re1 Nd5 13. Bb2 N7f6 14. Qd2 Ne4 15.
Nxe4 Bxe4 16. Qe2 Qe7 17. Nd2 Bg6 18. Nf3 Rad8 19. Ne5 Bxe5 20. dxe5 Rd7 21. e4
Nc7 22. f4 Bh7 23. Qg4 Kh8 24. f5 Qg5 25. Bc1 Qxg4 26. hxg4 Rd4 27. Bb3 Re8 28.
Bb2 Rd3 29. Bc4 Rd2 30. Re2 Red8 31. Rf1 Rxe2 32. Bxe2 Rd2 33. Bxa6 bxa6 34.
Bc1 Re2 35. fxe6 Bxe4 36. Rxf7 Nxe6 37. Re7 Bd5 38. Kf1 Rxe5 39. Bb2 Rg5 40.
Ra7 Rxg4 41. Rxa6 Bc4+ 0-1

[Event "OBEM 2015"]
[Site "Germany , Bremen"]
[Date "2015.04.01"]
[Round "6.42"]
[White "Schwenke, Stefan"]
[Black "Proske, Matthias"]
[Result "0-1"]
[WhiteElo "1742"]
[BlackElo "1407"]
[PlyCount "82"]

1. e4 c5 2. g3 Nc6 3. Bg2 Nf6 4. Ne2 e5 5. c3 d5 6. exd5 Nxd5 7. d4 Be6 8. O-O
cxd4 9. cxd4 exd4 10. Nxd4 Be7 11. Nxc6 bxc6 12. Nc3 O-O 13. Qa4 Qb6 14. Ne4
Qb5 15. Qxb5 cxb5 16. Nc3 Nxc3 17. Bxa8 Ne2+ 18. Kg2 Rxa8 19. Be3 Bf6 20. Rfd1
Bxb2 21. Rab1 Nc3 22. Rd2 Nxb1 23. Rxb2 Nc3 24. Bd4 Ne4 25. Rxb5 Bxa2 26. Bxa7
h6 27. Be3 Nf6 28. h3 Bd5+ 29. Kh2 Ra1 30. g4 Rh1+ 31. Kg3 Ne4+ 32. Kf4 Nf6 33.
Bd4 Bc6 34. Rb8+ Kh7 35. Bxf6 gxf6 36. Rb6 Bd5 37. Rxf6 Rxh3 38. Ke5 Rf3 39.
Rd6 Be6 40. Rd1 Rxf2 41. Rg1 Kg6 0-1

[Event "OBEM 2015"]
[Site "Germany , Bremen"]
[Date "2015.04.01"]
[Round "6.44"]
[White "Schoenfeld, Fynn"]
[Black "Laubrock, Sophia"]
[Result "0-1"]
[WhiteElo "883"]
[BlackElo "1492"]
[PlyCount "102"]

1. d4 Nf6 2. Nc3 e6 3. Nf3 Bb4 4. Bd2 d5 5. a3 Bxc3 6. Bxc3 Nbd7 7. Qd3 O-O 8.
e3 c5 9. Be2 Ne4 10. O-O Qc7 11. dxc5 Ndxc5 12. Qd4 Nxc3 13. Qxc3 Qd6 14. Qd4
Ne4 15. Bd3 Nf6 16. Ng5 h6 17. Nf3 Rd8 18. Rfd1 b6 19. Qe5 Qxe5 20. Nxe5 Bb7
21. Bb5 a6 22. Nc6 Bxc6 23. Bxc6 Rac8 24. Ba4 b5 25. Bb3 a5 26. c3 Ne4 27. Bc2
Nd6 28. b4 axb4 29. axb4 Rxc3 30. Bb1 Rc4 31. Bd3 Rxb4 32. Ra2 Ra4 33. Rad2 Rb8
34. Bc2 Ra3 35. e4 Nxe4 36. Bxe4 dxe4 37. Rd8+ Rxd8 38. Rxd8+ Kh7 39. h3 e3 40.
fxe3 Rxe3 41. Kf2 Rb3 42. Rd7 Kg6 43. h4 f5 44. Rd6 Kf6 45. g3 b4 46. Rb6 Rb2+
47. Kf3 b3 48. g4 fxg4+ 49. Kxg4 Rb1 50. Rb4 b2 51. Rf4+ Ke5 0-1

[Event "OBEM 2015"]
[Site "Germany , Bremen"]
[Date "2015.04.01"]
[Round "6.45"]
[White "Brueggemann, Werner"]
[Black "Vaske, Philipp"]
[Result "1-0"]
[WhiteElo "1219"]
[BlackElo "947"]
[PlyCount "55"]

1. c4 e5 2. Nc3 Nc6 3. Nf3 Bc5 4. e3 d6 5. g3 Bg4 6. a3 a6 7. Bg2 Nf6 8. O-O
O-O 9. h3 Bxf3 10. Bxf3 Re8 11. d3 Qd7 12. Kg2 Rad8 13. b4 Bb6 14. Nd5 Nxd5 15.
Bxd5 Nb8 16. f4 exf4 17. exf4 c6 18. Bf3 c5 19. Bb2 Nc6 20. Bc3 cxb4 21. axb4
Bd4 22. Bxd4 Nxd4 23. Be4 Nf5 24. Re1 Nd4 25. g4 Nc6 26. Qb3 g6 27. Qc3 f5 28.
Bd5+ 1-0

[Event "OBEM 2015"]
[Site "Germany , Bremen"]
[Date "2015.04.01"]
[Round "6.48"]
[White "Mayland, Jannis"]
[Black "Kueck, Alexander"]
[Result "0-1"]
[WhiteElo "822"]
[BlackElo "1133"]
[PlyCount "60"]

1. d4 d5 2. Bf4 e6 3. Nc3 Bd6 4. Qd2 Nf6 5. f3 Bb4 6. O-O-O O-O 7. e3 a6 8. Bd3
c5 9. dxc5 Bxc5 10. e4 dxe4 11. Bxe4 Nbd7 12. Nge2 Re8 13. g4 e5 14. Be3 Be7
15. h4 Nc5 16. Bxc5 Qxd2+ 17. Rxd2 Bxc5 18. g5 Nxe4 19. Nxe4 Be3 20. h5 Bxd2+
21. Kxd2 Rd8+ 22. Kc1 Bf5 23. h6 Bxe4 24. fxe4 Rac8 25. hxg7 Kxg7 26. Ng3 Rc7
27. Nf5+ Kh8 28. c3 Rg8 29. Rg1 f6 30. Nd6 Rxg5 0-1